000 00540nam a22001697a 4500
005 20251028191958.0
008 251028b |||||||| |||| 00| 0 eng d
020 _a9780702028267
050 _aRT65
_b.W38
245 _aWatson's Clinical Nursing and Related Sciences
_cedited by Mike Walsh & Alison Crumbie
250 _a7th ed.
_bInternational edition
260 _aEdinburgh
_bBailliere Tindall Elsevier
_c2007
300 _axi. 995p.
_bill. color
_c28cm
700 _aWalsh Mike
700 _aCrumbie, Alison
942 _2lcc
_cBK
_e7th ed.
_n0
999 _c7876
_d7876